000 00255nam a2200109Ia 4500
008 200302s9999 xx 000 0 und d
100 _aDavid Hands
245 _aVision and values in design management
260 _bAVA Book
260 _c2009
300 _a191
999 _c6299
_d6299